Literatura y mujeres. Escritoras, público y crítica en la España actual.
Sparad:
| Huvudupphovsman: | |
|---|---|
| Materialtyp: | Bok |
| Språk: | engelska |
| Publicerad: |
Barcelona, España:
Ediciones Destino,
2000.
|
| Serie: | Colección Áncora y Delfín,
|
| Ämnen: | |
| Taggar: |
Lägg till en tagg
Inga taggar, Lägg till första taggen!
|
MARC
| LEADER | 00000nam a22000007a 4500 | ||
|---|---|---|---|
| 003 | CL-VaPUC | ||
| 005 | 20241211151637.0 | ||
| 008 | 241125t2000 ||||| |||| 00| 0 eng d | ||
| 999 | |c 445928 |d 445926 | ||
| 020 | |a 84-233-3225-X | ||
| 040 | |c Pontificia Universidad Católica de Valparaíso | ||
| 082 | |2 22 |a 860.609 FRE 2000 | ||
| 100 | |9 894190 |a Freixas, Laura |e autora | ||
| 245 | |a Literatura y mujeres. |b Escritoras, público y crítica en la España actual. | ||
| 260 | |a Barcelona, España: |b Ediciones Destino, |c 2000. | ||
| 300 | |a 245 páginas. | ||
| 490 | |a Colección Áncora y Delfín, |n v. 898. | ||
| 500 | |a c.1 Donación. Memo EDU. 14-11-2024. | ||
| 583 | |c 20241125 |k Yessy Sthefany Diaz Vidal | ||
| 650 | 0 | |9 448832 |a Literatura feminista |v Ensayos |z España | |
| 650 | 0 | |9 317651 |a Mujeres en literatura |v Historia y crítica |y Siglo 20 | |
| 650 | 0 | |9 345590 |a Hábitos de lectura |x Mujeres y hombres |z España | |
| 942 | |2 ddc |c BK | ||
| 952 | |0 0 |1 0 |2 ddc |4 0 |6 860_609000000000000_FRE_2000 |7 0 |8 A |9 598268 |a BIBEDU |b BIBEDU |d 2024-11-25 |e Donación |i 5663427 |o 860.609 FRE 2000 |p 5663427 |r 2024-11-25 |t 1 |w 2024-11-25 |y BK |k EDU | ||